Social Suffering /

Gespeichert in:
Bibliographische Detailangaben
1. Verfasser: Kleinman, Arthur (ed.)
Weitere Verfasser: Das, Veena (edición) (edición), Lock, Margaret M. (edición) (edición)
Format: Buch
Sprache:Englisch
Veröffentlicht: Berkeley, EUA : University of California, 1997, c1997
Schlagworte:
Tags: Tag hinzufügen
Keine Tags, Fügen Sie das erste Tag hinzu!

MARC

LEADER 00000nam^a2200000^a^4500
001 000278058
005 20250521000000.0
009 20260310111353.864
020 |a 0-520-20995-8 
037 |a Acervo ITESO - Biblioteca 
041 |a ING 
082 |a 152. 422  |b KLE 
100 |a Kleinman, Arthur  |e (ed.) 
245 1 0 |a Social Suffering /  |c Ed. de A. Kleinman, V. Das, M. Lock. 
264 4 |a Berkeley, EUA :  |b University of California,  |c 1997, c1997 
300 |a XXVII, 404 p. 
336 |a texto  |b txt  |2 rdacontenido 
337 |a sin mediación  |b n  |2 rdamedio 
338 |a volumen  |b nc  |2 rdasoporte 
649 |a XX 
650 |a Cuerpo Humano -  |x Aspectos Sociales y Culturales 
650 |a Dolor Físico -  |x Aspectos Sociales y Culturales 
650 |a Dolor Existencial -  |x Aspectos Sociales y Culturales 
650 |a Dolor -  |x Tema Principal 
650 |a Violencia 
650 |a Tortura 
650 |a Muerte 
650 |a Género 
650 |a Memoria Social 
650 |a Medicina Social 
650 |a Antropología Cultural 
650 |a Psicología Social 
700 |a Das, Veena  |e (edición) 
700 |a Lock, Margaret M.  |e (edición) 
910 |a Fondo General 
920 |a Impresos - Libros 
930 |a Colección General 
905 |a 101 
901 |a 0500163507  |b IT1  |c ACC  |u 20250521 
902 |a https://opac.biblio.iteso.mx/vufind/Record/000278058